Forensic evidence : science and the criminal law
| Format: | Book |
|---|---|
| Published: |
New York :
CRC Press ,
2006
|
| Subjects: |
MARC
| LEADER | 00000cam a2200000 7i4500 | ||
|---|---|---|---|
| 001 | 0000004173 | ||
| 005 | 20190108.0 | ||
| 020 | 0 | 0 | |a 0849328586 |
| 090 | 0 | 0 | |a 363.2 |b FE 2006 |
| 245 | 1 | 0 | |a Forensic evidence : |b science and the criminal law |c Terrence F. Kiely |
| 260 | 0 | 0 | |a New York : |b CRC Press , |c 2006 |
| 300 | |a v, 515 p ; |c 24cm. | ||
| 500 | 0 | 0 | |a Includes index |
| 650 | 0 | 0 | |a Evidence---USA |
| 650 | 0 | 0 | |a Forensic science---USA |
| 998 | |a JPSM | ||
| 999 | |a 008066 |b Monograph |c Open Shelf |e Default branch | ||